000 00416cam a2200181ua 4500
001 3872
008 111207n ii |||gr||||Z||||||asm
040 _cMAIN
082 _a891.4511
100 1 _aGoswami, Ram,
245 1 1 _aAtia abeli
_cby Ram Goswami
250 _a1st.
260 _aGuwahati:
_bLawyers book stall,994.
300 _a73p:
_c23cm.
653 _aAssamese poem
653 _aAtia abeli
942 _cBK
999 _c3695
_d3695